000
00254nam a2200097Ia 4500
001
686099
005
20250826161530.0
008
250824s9999 xx 000 0 und d
245
0
_a
Başarıya Götüren Aile
_c
DOĞAN CÜCELOĞLU
260
_b
REMZİ KİTABEVİ
999
_c
686099
_d
686099